000 00873nas a2200301 4500
001 BR2013002246
003 BR-BrBNA
005 20231205122055.0
007 ta
008 230509b bl.|||p| |||| 00| 00por d
040 _aBR-BrBNA
_bpor
_cBiblioteca Nacional de Agricultura
041 _a(Pt)
072 _aF03
100 1 _aMariot, M.P.
100 1 _aBarbieri, R.L.
100 1 _aSinigaglia, C.
100 1 _aBento, L.H.
100 1 _aRibeiro, M.V.
245 1 _aPresença do arilo na produção de mudas de Maytenus ilicifolia
650 _aCELASTRACEAE
650 _aESPINHEIRA SANTA
650 _aPLANTA MEDICINAL
650 _aSEMENTE
650 _aMORFOLOGIA VEGETAL
773 0 _tCiência Rural (Brazil)
_xISSN 0103-8478
_g(Mar-Apr 2005), v. 35(2) p. 468-470
_wBR2013002246
909 _a202311
_bLúcia
_c55
_dLúcia Elande
942 _2AGRIS
_n0
_cANA
999 _c226788
_d226788